Odkaz povstania v činoch mladej generácie Beseda o dozrievaní, ambíciách, túžbach, iskrení a smelých plánoch mládeže

Bibliographic Details
Main Authors: Podstupka, Leopold, 1927-1997 (Author), Štrbavá, M. (Author), Vavrová, O. (Author), Sýkora, Ernest, 1914-2000 (Author), Matula, Milan, 1924-2016 (Author), Zelinka, Ján, 1922-2009 (Author), Šuška, Michal (Author), Fraňo, Jozef, 1921-1981 (Author)
Format: Article
Language:Slovak
PhysicalDescription:Obr. 4.
Subjects:

MARC

LEADER 00000nab a2200000 a 4500
001 vtls000004475
003 SK-MaSNL
005 20260303122224.0
008 180409c1978 xo 0 slo
015 |a SNBRB19rr/mm-uuuuu 
035 |a CL0014568 
040 |a SNKBUCL  |b slo  |c SNKBUCL  |e AACR2 
041 0 |a slo 
044 |a xo  |c SK 
080 |a 329.78(437)  |2 1981 
080 |a 943.76  |2 1981 
100 1 |a Podstupka, Leopold,  |d 1927-1997  |4 aut  |9 212348 
245 1 0 |a Odkaz povstania v činoch mladej generácie  |b Beseda o dozrievaní, ambíciách, túžbach, iskrení a smelých plánoch mládeže  |c L. Podstupka, M. Štrbavá, O. Vavrová ; Ernest Sýkora, Milan Matula, Ján Zelinka, Jozef Fraňo, Michal Šuška 
300 |b Obr. 4. 
610 2 7 |a Zväz slovenskej mládeže  |2 snkbucl  |9 53745 
650 0 7 |a mládež  |2 snkbucl  |9 1575 
650 0 7 |a Slovenské národné povstanie (1944)  |2 snkbucl  |9 177948 
655 7 |a články z novín a časopisov  |2 snkbucl  |9 267496 
700 1 |a Štrbavá, M.  |4 aut  |9 1136625 
700 1 |a Vavrová, O.  |4 aut  |9 975121 
700 1 |a Sýkora, Ernest,  |d 1914-2000  |4 aut  |9 37984 
700 1 |a Matula, Milan,  |d 1924-2016  |4 aut  |9 37083 
700 1 |a Zelinka, Ján,  |d 1922-2009  |4 aut  |9 198056 
700 1 |a Šuška, Michal  |4 aut  |9 269249 
700 1 |a Fraňo, Jozef,  |d 1921-1981  |4 aut  |9 54184 
773 0 |t Nové slovo  |g Roč. 20, č. 33 (17. 8. 1978), s. 18 
850 |a Slovenská národná knižnica v Martine  |a MTA001 
852 |a SNK  |b KIS3GCP 
958 |a RK 
992 |a RBX 
999 |c 1919744  |d 1921674